• 首页
  • 本馆介绍
  • 公告通知
  • 最新文献
  • 馆藏检索
  • 电子资源
  • 读者导购
  • 参考咨询
  • 我的图书馆
  • 登录
  • 详细信息显示
  • 放入我的书架
  • 预约/预借图书
  • 作者相关作品
  • 分类相关作品
  • 丛书相关作品
  • 出版社相关作品

书目信息

  • 表格格式
  • 工作单格式
  • 卡片格式
题名:
煤炭工业基本建设工程预算
    
 
作者: ;煤炭工业部基本建设局 编写
分册:   土建部分
出版信息: 北京   煤炭工业出版社  1979
页数: 307页
开本: 26cm
丛书名:
单 册:
中图分类: F407.2
科图分类:
主题词: 煤炭工业-基本建筑-建筑预算定额 , 基本建筑-煤炭工业-建筑预算定额 , 建筑预算定额-基本建筑-煤炭工业 , 工业经济--经济理论
电子资源:
ISBN:
000 00842nam0 2200265 45
001 0179007910
005 20060809163311.90
010    @dCNY2.05
091    @aCN@b15035.2210
100    @a19950716d1979 em y0chiy0121 ea
101 0  @achi
102    @aCN@b110000
105    @ay z 000yy
200 10 @a煤炭工业基本建设工程预算@Amei tan gong ye ji ben jian she gong cheng yusuan@i土建部分@f煤炭工业部基本建设局组织编写
210    @a北京@c煤炭工业出版社@d1979
215    @a307页@d26cm
320    @a附表
606    @a煤炭工业-基本建筑-建筑预算定额
606    @a基本建筑-煤炭工业-建筑预算定额
606    @a建筑预算定额-基本建筑-煤炭工业
606 0  @a工业经济@x经济理论
690    @aF407.2@v3
711 02 @a煤炭工业部基本建设局@Amei tan gong ye bu ji ben jian she ju@4编写
801  0 @aCN@bTSSF@c20060809
905    @a10447@dF407.2@e147
    
    煤炭工业基本建设工程预算.土建部分/煤炭工业部基本建设局组织编写.-北京:煤炭工业出版社,1979
    307页;26cm
    
    
    ISBN :CNY2.05
    
●
相关链接 在E读中查询图书 在五车中查询图书 在当当中查询图书 在豆瓣中查询图书


正题名:煤炭工业基本建设工程预算     索取号:F407.2/147         预约/预借

序号 登录号 条形码 馆藏地/架位号 状态 备注
1 0448074   204480748   密集书库/ [索取号:F407.2/147] 在馆    
唐山师范学院图书馆 欢迎您!
大连网信软件有限公司© 版权所有